Особенности гранного микрорельефа кристаллов оксалата кальция; Проблемы геологии и освоения недр

Podrobná bibliografie
Parent link:Проблемы геологии и освоения недр.— 2004.— С. 141-143
Hlavní autor: Сапельников А. А.
Další autoři: Полиенко А. К. (научный руководитель)
Jazyk:ruština
Vydáno: 2004
Témata:
Médium: Kapitola
KOHA link:https://koha.lib.tpu.ru/cgi-bin/koha/opac-detail.pl?biblionumber=210642

MARC

LEADER 00000naa2a2200000 4500
001 210642
005 20231031192138.0
035 |a (RuTPU)RU\TPU\book\230062 
090 |a 210642 
100 |a 20120229d2004 k y0rusy50 ca 
101 0 |a rus 
102 |a RU 
200 1 |a Особенности гранного микрорельефа кристаллов оксалата кальция  |f А. А. Сапельников  |g науч. рук. А. К. Полиенко 
320 |a Библиогр.: 6 назв. 
463 0 |0 (RuTPU)RU\TPU\book\77451  |y 5-89503-079-3  |t Проблемы геологии и освоения недр  |o труды Восьмого Международного симпозиума имени ак. М. А. Усова студентов и молодых ученых, посвященного 400-летию г. Томска, 5-9 апреля 2004 г., Томск  |f Администрация г. Томска; Томский политехнический университет  |v С. 141-143  |d 2004  |p 913 с. 
610 1 |a оксалаты кальция 
610 1 |a кристаллы 
610 1 |a рельеф 
610 1 |a грани 
610 1 |a микрорельеф 
610 1 |a труды учёных ТПУ 
700 1 |a Сапельников  |b А. А. 
702 1 |a Полиенко  |b А. К.  |4 727 
801 1 |a RU  |b 63413507  |c 20120229 
801 2 |a RU  |b 63413507  |c 20120329  |g RCR 
942 |c BK